000 00558nam a2200193Ia 4500
005 20250508165654.0
008 008 250505s9999 xx 000 0 eng d
037 _aTextual
040 _aFEDL
_beng
_cFEDL
041 _aeng
_2eng
084 _a530, NCE
_qFEDL
245 0 _aPhysics : a textbook for class XII : Vol.II Part.1
245 0 _cNational council of educational research and training
260 _aDelhi, India
_bNCERT
_c1997
300 _aix,246p.
365 _aINR
_b43
942 _cTEXL
_h530, NCE
999 _c1396656
_d1396656